名古屋市内の私立高校 - Statistics

General Stats
  • This quiz has been taken 29 times
  • The average score is 11 of 27
Answer Stats
Hint Answer % Correct
千種区 愛知工業大学名電高等学校
81%
昭和区 中京大学付属中京高等学校
65%
名東区 東邦高等学校
62%
東区 名古屋高等学校
62%
瑞穂区 享栄高等学校
54%
東区 金城学院高等学校
54%
東区 東海高等学校
54%
昭和区 南山高等学校
54%
千種区 椙山女学園高等学校
50%
中村区 名城大学付属高等学校
46%
千種区 愛知淑徳高等学校
42%
千種区 愛知高等学校
38%
東区 至学館高等学校
38%
瑞穂区 名古屋経済大学高蔵高等学校
38%
南区 大同大学大同高等学校
35%
天白区 東海学園高等学校
35%
中村区 同朋高等学校
35%
瑞穂区 名古屋大谷高等学校
35%
千種区 名古屋経済大学市邨高等学校
35%
昭和区 桜花学園高等学校
31%
中区 名古屋たちばな高等学校
27%
昭和区 名古屋工業高等学校
27%
瑞穂区 愛知みずほ大学瑞穂高等学校
19%
西区 啓明学館高等学校
15%
昭和区 名古屋国際高等学校
15%
守山区 菊華高等学校
12%
瑞穂区 名古屋葵大学高等学校
4%
No matching quizzes found
Score Distribution
Percent of People with Each Score
Percentile by Number Answered
Your Score History
You have not taken this quiz